|
|
|
|
| LEADER |
00000nab a2200000 a 4500 |
| 001 |
vtls000559821 |
| 003 |
SK-MaSNL |
| 005 |
20260303205042.0 |
| 008 |
160216c xo 0 slo |
| 015 |
|
|
|a SNBRB19rr/mm-uuuuu
|
| 035 |
|
|
|a CL0559959
|
| 040 |
|
|
|a SNKBUCL
|b slo
|c SNKBUCL
|e AACR2
|
| 041 |
0 |
|
|a slo
|
| 044 |
|
|
|a xo
|c SK
|
| 080 |
|
|
|a 943.76-051"18"
|2 1981
|
| 080 |
|
|
|a 929 Štúr, Ľudovít
|2 1981
|
| 100 |
1 |
|
|a Winkler, Tomáš,
|d 1940-2021
|4 aut
|9 12277
|
| 245 |
1 |
0 |
|a Nespokojnosť (so Štúrom)
|c Tomáš Winkler
|
| 300 |
|
|
|b Obr. 1
|
| 600 |
1 |
7 |
|a Štúr, Ľudovít,
|d 1815-1856
|2 snkbucl
|9 92872
|
| 650 |
0 |
7 |
|a štúrovci
|2 snkbucl
|9 59026
|
| 655 |
|
7 |
|a články z novín a časopisov
|2 snkbucl
|9 267496
|
| 773 |
0 |
|
|t Slovenské národné noviny
|g Roč. 6 (10), č. 24 (1995), s. 8
|x 0862-8823
|
| 850 |
|
|
|a Slovenská národná knižnica v Martine
|a MTA001
|
| 852 |
|
|
|a SNK
|b KIS3GCP
|
| 958 |
|
|
|a BX
|
| 958 |
|
|
|a RK
|
| 958 |
|
|
|a SK
|
| 992 |
|
|
|a RBX
|
| 999 |
|
|
|c 2193469
|d 2195399
|